000 01059nam a22003257a 4500
003 CHAP
005 20220817041542.0
008 971013s1987 r 00010 d
010 _a17787
011 _a18759
035 _a22844
040 _cCHAP
090 _aFolleto 11695
100 0 0 _aJordán B., Fausto.
_962107
245 _aExperiencias en la aplicación de estrategias para combatir la pobreza rural
260 _aSan José :
_bInstituto Interamericanao de Cooperación para la Agricultura,
_c1987
300 _a57 p
490 _aSerie documentos de programas
_v; 5
590 _aBATCH-UPD
_b10
_c20130110
_lUCH01
_h1512
590 _aBATCH-UPD
_b10
_c20130410
_lUCH01
_h0928
590 _aBATCH-UPD
_b10
_c20130914
_lUCH01
_h0826
590 _aCONVERSION
_b10
_c20130109
_lUCH01
_h1311
650 1 4 _aCampesinado.
_917993
650 1 4 _aPobreza.
_989463
700 0 _aLondroño R., Diego.
_967552
830 0 _aSerie documentos de programas
_v; 5
901 _aBK
942 _cFOLL
949 _aFolleto 11695
_bBC
_cFOLL
_d-53308
_eTS1
_i22844
_mD
_si
999 _c17787
_d17787